000 02246nab a2200253 ab4500
005 20260205131702.0
008 251016c2025 cl tr p#o# #00| spa d
003
040 _aMX-MxUPN
_bspa
_cMX-MxUPN
_eaacr2
100 1 _aMaureira Velásquez, Marco
_958676
100 1 _aGonzález García, Diego
_958677
245 1 3 _aLa psicología de la tecnología en la era de la Inteligencia Artificial
_h[recurso electrónico en línea]
506 0 _aAcceso abierto
520 3 _aEl avance de la Inteligencia Artificial (IA) en nuestras sociedades parece rotundo e imparable. En este contexto, las humanidades y las ciencias sociales deben problematizar los cimientos teóricos y metodológicos de sus propias disciplinas. En el caso de la psicología, la American Psychological Association (APA) ha desarrollado una serie de iniciativas de las que ha emergido una nueva subdisciplina: la Psicología de la tecnología. En este trabajo exploramos cómo la APA entiende y promueve un modo concreto de conceptualizar las relaciones establecidas entre Psicología y Tecnología, aplicando un análisis de contenido temático a 36 documentos de dominio público generados por ella misma. Los principales resultados son: se afirma que el entrelazamiento coevolutivo entre psiquismo y tecnologías es principalmente contemporáneo, sin atender a sus condiciones históricas de emergencia; se conceptualiza el psiquismo desde un enfoque protagónicamente neurocientífico y cognitivo-conductual; y, en línea con lo anterior, se defiende que la vía regia de acceso metodológico a este nuevo campo de estudio está dado por un ensamblaje cuantitativo entre Big Data e Inteligencia Artificial que produce una naturalización de los datos digitales.
_cPsicoperspectivas.
650 2 _aInteligencia artificial
_95343
650 4 _aPsicología
_938
653 2 _aAPA
650 4 _aTecnología educativa
_94978
773 _gVol. 24, no. 2, (2025), p. 1-15
_tPsicoperspectivas : individuo y sociedad
_x0718-6924
856 4 _uhttps://www.psicoperspectivas.cl/index.php/psicoperspectivas/article/view/3452
856 4 _uhttps://www.psicoperspectivas.cl/index.php/psicoperspectivas/article/view/3452/2038
902 _aLeonor Sotres/050226
942 _cART-E
999 _c214584
_d214584